000 00681nam a22002057a 4500
008 090323t xxu||||| |||| 00| 0 eng d
010 _aB-321234
020 _a9780140123500
_c295-00
035 _aB-321234, 940456
037 _aUBH
_bRP-CL ENG-E:14/17.03.09/19.03.09/19.03.09/23.03.09
040 _adpl
_bEng
082 _aN
100 _aHosain,Attia
245 _aSunlight On a Broken Column/
_cAttia Hosain
260 _aNew Delhi
_bPenguin Books
_c2008
270 _a11, Community Centre Pancsheel Park
_bNew Delhi
_e110017
300 _a319p
_c22cm(pbk)
942 _2ddc
_cEN
_e2008
_hN
_mHOS
999 _c25447
_d25447